Ville d'Auvergne Rhône-Alpes A-Z - Statistiques

Statistiques générales
  • Ce quiz a été pris 185 fois
  • Le résultat moyen est 11 sur 19
Statistiques - réponses
Lettres Villes % Correct
L Lyon / Le Puy en Velay / Le Teil / La Motte-Servolex / La Rivoire
97%
A Annecy / Aurillac / Annonay / Aubenas / Ambérieu en Bugey / Arpajon sur Cère / Aurec / Albertville / Aix les Bains / Annemasse
93%
C Chambéry / Clermont-Ferrand / Caluire et Cuire / Cusset / Cournon d'Auvergne / Chamalières / Cluses
92%
V Valence / Villeurbanne / Vaulx-en-Velin / Vénissieux / Voiron / Valserhône / Vichy / Vienne
90%
S Saint-Etienne / Saint Chamond / Saint-Péray / Saint Priest / Saint Genis / Saint Flour / Saint Martin d'Hères / Sainte-Sigolène / Saint-Jean-de-Maurienne / Sallanches
89%
B Bourg en Bresse / Bron / Bellerive / Bourg les Valence / Bourg de Péage / Bourgoin-Jallieu / Brioude / Bas-en-Basset
86%
G Grenoble / Guilherand-Granges / Gex
81%
R Roanne / Romans-sur-Isère / Riom / Rive-de-Gier / Rumilly
76%
M Moulins / Montélimar / Montluçon / Mauriac / Montbrison / Monistrol sur Loire
71%
P Privas / Portes les Valence / Pierrelatte / Pont du Château
62%
T Tournon-sur-Rhône / Thiers /Thonon-les-Bains
51%
I Issoire
36%
E Echirolles
34%
O Oyonnax
34%
Y Yssingeaux / Yzeure / Ytrac
34%
F Ferney-Voltaire / Fontaine / Firminy
30%
H ; J; K ; Q ; U ; W ; X ; Z Jassans / Huriel / Jaujac / Jussac / Unieux / Ugine
9%
D Domérat
5%
N Naucelles
1%
Aucun quiz correspondant
Distribution des résultats
% des personnes avec chaque résultat
Percentile par nombre de réponses
Votre historique - résultats
Vous n’avez pas pris ce quiz